Symbols of Islam (Record no. 301177)
[ view plain ]
| 000 -LEADER | |
|---|---|
| fixed length control field | 00311 a2200133 4500 |
| 001 - CONTROL NUMBER | |
| control field | 66104 |
| 020 ## - INTERNATIONAL STANDARD BOOK NUMBER | |
| International Standard Book Number | 9788172454340 |
| 082 ## - DEWEY DECIMAL CLASSIFICATION NUMBER | |
| Classification number | 297.31 WEN |
| 090 ## - LOCALLY ASSIGNED LC-TYPE CALL NUMBER (OCLC); LOCAL CALL NUMBER (RLIN) | |
| -- | 38409 |
| -- | 38409 |
| 100 ## - MAIN ENTRY--PERSONAL NAME | |
| Personal name | Tanja Al Hariri Wendel |
| 245 ## - TITLE STATEMENT | |
| Title | Symbols of Islam |
| 260 ## - PUBLICATION, DISTRIBUTION, ETC. | |
| Place of publication, distribution, etc. | New Delhi |
| Name of publisher, distributor, etc. | Goodwill Publishing House |
| 300 ## - PHYSICAL DESCRIPTION | |
| Extent | 320 |
| 942 ## - ADDED ENTRY ELEMENTS (KOHA) | |
| Institution code [OBSOLETE] | caenust |
| Call number prefix | 297.31 WEN |
| Withdrawn status | Lost status | Damaged status | Not for loan | Collection code | Permanent Location | Current Location | Date acquired | Total Checkouts | Full call number | Barcode | Date last seen | Price effective from | Koha item type |
|---|---|---|---|---|---|---|---|---|---|---|---|---|---|
| College of Aeronautical Engineering (CAE) | College of Aeronautical Engineering (CAE) | 04/03/2017 | 297.31 WEN | CAE82109 | 04/05/2017 | 04/05/2017 | Book |
